| 000 | 00365nam a2200133 a 4500 | ||
|---|---|---|---|
| 001 | 5038 | ||
| 003 | CDMR | ||
| 005 | 20130116135303.0 | ||
| 008 | 130130s2001||||||||||||||||||||||||||||d | ||
| 040 |
_aCDMR _bcat _cCPC GIRONA |
||
| 245 | 3 |
_aLa informació, un concepte clau per a la ciència contemporània _cVaris |
|
| 260 |
_c2001 _bReial Acadèmia de Doctors |
||
| 942 | _cMON | ||
| 999 |
_c5038 _d5038 |
||